000 00555nam a22001817a 4500
005 20251108164113.0
008 250721s1986 xx 000 0 ara d
082 1 4 _a155.532/بنت
245 1 0 _aبنت 17 :
_bالمراهقة - جمالك في سن المراهقة /
264 1 _aبيروت :
_bدار مكتبة التربية،
_c1986.
300 _a180ص
490 0 _aسلسلة الدراسات العلمية ؛ 8
650 1 7 _aالمراهقة
650 1 7 _aالشباب
650 1 7 _aعلم النفس
942 _2ddc
_cBK
999 _c3712
_d3712